| 000 | 00466ntaaa2200193 4500 | ||
|---|---|---|---|
| 003 | 01 | ||
| 005 | 20251027202111.0 | ||
| 008 | 0714s1973 ag 01 | ||
| 040 |
_aAR-BaBN _bspa _cAR-BaBN _eaacr _dRIC |
||
| 082 | _a252.0600 M22 | ||
| 100 |
_aMclaren, Alexander _919486 |
||
| 245 | _aA year's ministry | ||
| 250 | _a1 ed. | ||
| 260 |
_aNew York : _bFunk and Wagnalls Co, _c1905 |
||
| 300 | _a355 p | ||
| 500 | _a26 sermones | ||
| 650 |
_asermones _9362 |
||
| 942 | _cBK | ||
| 999 |
_c15875 _d15875 |
||